| 000 | 03094nam a22002657a 4500 | ||
|---|---|---|---|
| 005 | 20170711103945.0 | ||
| 008 | 130221s1541 fr |||fr|||| 001 0 lat d | ||
| 040 |
_cSandra Yazo (modificó) _dSandra Yazo (modificó) |
||
| 041 | 0 | _alat | |
| 082 | 0 | 4 |
_220 _a262.9 |
| 092 | _aE24N063 | ||
| 100 | 1 |
_aSangiorgio, Gianantonio da _d1439-1509 _929725 |
|
| 242 | 0 | 0 |
_aExcelente y especial lección del rey de los juristas y cabeza de la iglesia de Milán sobre el libro Cuatro de las Decretales: _bContiene una materia de utilidad diaria, no sólo para los juristas. Muy útil y hasta necesaria para los profesores de teología. _cCon las adiciones del ilustre profesor Benito de Vadis y recientemente, con los compendios de Enrique Ferrendat, de Nevers y con el índice alfabético y numérico que muestra los distintos conceptos manejados. _yspa |
| 245 | 1 | 1 |
_a[Aurea et singularis lectura excellentissimi V.I. monarchae Domini Praepositi Mediolanensis, Super quarto Decretalium: _bContinens materiam valde quotidianam et practicabilem, non solum in iure militantibus, sed et sacrae paginae professoribus convenientissimam, et apprime necessariam _ccum additionibus Domini Benedicti de Vadis professoris clarissimi ; novissime autem cum necessariis summariis Henrici Ferrandat Nivernensis ; una cum repertorio alphabetico et numeris singularia dicta utiliter demonstrante] |
| 260 |
_aLugduní [Lyon] (Francia)? _b[Vicente de Portonaris?] _c[1541?] |
||
| 300 |
_a2-155 fol., [22] páginas _b42 x 29 cm |
||
| 500 | _aDetalles físicos: Encuadernación flexible en pergamino, tapas y lomo con manchas y arrugas en el pergamino, bordes deteriorados. Guardas rotas y desprendidas. Portada, se conserva una parte que indica impresión en dos tintas decorada con un marco decorativo. Texto impreso, en dos columnas muy densas en caracteres góticos, sobre papel grueso. Párrafos numerados. Algunas apostillas marginales, con el mismo tipo de letra; marcadas con letras minúsculas. Mayúsculas capitales. Márgenes amplios. Colofón y registro, al final del texto. Portada con anotación manuscrita y sellos de tinta. Perteneció a la biblioteca de Fray Cristóbal de Torres. Título asignado según el contenido. | ||
| 505 | 0 | _rLos esponsales y el matrimonio ; Los esponsales clandestinos ; La que es esposa de dos hombres ; Las condiciones requeridas ; Si los clérigos y los que están ligados por votos pueden contraer matrimonio ; Las uniones conyugales de los siervos ; El parentesco espiritual ; El parentesco legal ; De quien contrae a sabiendas de la consanguinidad ; La consanguinidad y la afinidad ; El caso de las frígidas y las que fueron víctimas de maleficio ; Qué hijos se consideran legítimos ; Quiénes pueden impugnar un matrimonio ; Del Divorcio ; Las donaciones entre marido y mujer ; Las segundas nupcias | |
| 506 | _aConsulta en sala | ||
| 546 | _aTexto en latín | ||
| 650 | 7 |
_aDerecho canónico _xDecretos _929727 |
|
| 650 | 7 |
_aDerecho canónico _xObras anteriores a 1800 _929726 |
|
| 690 |
_aDerecho canónico _912710 |
||
| 942 |
_cLIBRO _e1 _2LOCAL _hE24N063 |
||
| 999 |
_c165050 _d165050 |
||